000
00232nam a2200097Ia 4500
008
120527s9999 xx 000 0 und d
100
_a
BETTI,Clandia.et al
245
_a
Drawing:A contemporary approach.
260
_b
HBJ
942
_c
BK
999
_c
24073
_d
24073